Statistics for Car Brand Logos

Click here to take the quiz!

General Stats

  • This quiz has been taken 159 times
  • The average score is 10 of 12

Answer Stats

Answer% Correct
BMW
100%
Audi
98%
Mercedes
96%
Volkswagen
96%
Ferrari
95%
Lamborghini
90%
Bentley
83%
Peugeot
77%
Citroen
70%
Rolls Royce
67%
Ford
62%
Aston Martin
32%

Score Distribution

Percentile by Number Answered

Percent of People with Each Score

Your Score History

You have not taken this quiz